| 000 | 01400cam a2200325Ia 4500 | ||
|---|---|---|---|
| 001 | CAH00CE6490PDF | ||
| 003 | BD-DhSAU | ||
| 005 | 20151012144259.0 | ||
| 006 | m|||||o||d|||||||| | ||
| 007 | cr|||| | ||
| 008 | 091022s2010 flua sb 001 0 eng d | ||
| 020 | _a9781420064919 (ebook : PDF) | ||
| 040 |
_aBD-DhSAU _cBD-DhSAU |
||
| 090 |
_aQA298 _b.H43 2010 |
||
| 092 |
_a518.282 _bH433 |
||
| 100 | 1 | _aHeadrick, Todd C. | |
| 245 | 1 | 0 |
_aStatistical simulation _h[electronic resource] : _bpower method polynomials and other transformations / _cTodd C. Headrick. |
| 260 |
_aBoca Raton : _bChapman & Hall/CRC, _cc2010. |
||
| 300 |
_avii, 166 p. : _bill. |
||
| 504 | _aIncludes bibliographical references and index. | ||
| 505 | 0 | _a1. Introduction -- 2. The Power method transformation -- 3. Using the power method transformation -- 4. Simulating more elaborate correlation structures -- 5. Other transformations : the g-and-h and GLD families of distributions. | |
| 530 | _aAlso available in print edition. | ||
| 538 | _aMode of access: World Wide Web. | ||
| 650 | 0 | _aMonte Carlo method. | |
| 650 | 0 | _aDistribution (Probability theory) | |
| 655 | 7 |
_aElectronic books. _2lcsh |
|
| 776 | 1 | _z9781420064902 | |
| 776 | 1 | _z1420064908 | |
| 856 | 4 | 0 |
_uhttp://marc.crcnetbase.com/isbn/9781420064919 _qapplication/PDF |
| 999 |
_c11044 _d11043 |
||